| 000 | 00431nam a2200169Ia 4500 | ||
|---|---|---|---|
| 008 | 210210b2004 xxu||||| |||| 00| 0 eng d | ||
| 020 | _a81 7014 992 4 | ||
| 082 | _a658.3 TRIH | ||
| 100 | _aTRIPATHI (P C). | ||
| 245 | _aHuman resource development. Ed.4 | ||
| 250 | _a | ||
| 260 |
_aND _bSultan Chand & Sons _c2004 |
||
| 300 | _a379,xvi | ||
| 650 | _aPersonnel Management | ||
| 690 | _aPersonnel Management | ||
| 906 | _a058961 | ||
| 999 |
_c106049 _d106049 |
||